Proceedings : Indian Society for Technical Education 33rd Annual Convention & National Seminar, 27-30 Dec 2003, theme Reaching the Unreached - A Challenge to Technical Education (Record no. 2182)

MARC details
000 -LEADER
fixed length control field 00589nam a2200157Ia 4500
008 - FIXED-LENGTH DATA ELEMENTS--GENERAL INFORMATION
fixed length control field 221030s9999 xx 000 0 und d
041 ## - LANGUAGE CODE
Language code of text/sound track or separate title
082 ## - DEWEY DECIMAL CLASSIFICATION NUMBER
Classification number 105.23
Item number Pad
100 ## - MAIN ENTRY--AUTHOR NAME
Personal name K. K. Padmanabhan
245 #0 - TITLE STATEMENT
Title Proceedings : Indian Society for Technical Education 33rd Annual Convention & National Seminar, 27-30 Dec 2003, theme Reaching the Unreached - A Challenge to Technical Education
Statement of responsibility, etc by K. K. Padmanabhan, S. Bhaskar
260 ## - PUBLICATION, DISTRIBUTION, ETC. (IMPRINT)
Name of publisher Kumaraguru College of tehnology, Coimbatore India
Place of publication India
Year of publication 2003
300 ## - PHYSICAL DESCRIPTION
Number of Pages 794
650 ## - SUBJECT ADDED ENTRY--TOPICAL TERM
Topical Term General
700 ## - ADDED ENTRY--PERSONAL NAME
Personal name S. Bhaskar
942 ## - ADDED ENTRY ELEMENTS (KOHA)
Koha item type Books
Holdings
Accession Number Cost, normal purchase price Full call number Price effective from Koha item type Withdrawn / writtenoff status Materials specified (bound volume or other part) Damaged status Not for loan Permanent Location Current Location Shelving location Date acquired Lost/ Missing status department
BE 7348 500.00 105.23 Pad 10/30/2022 Books   Print   Not For Loan MIET Library, Jammu MIET Library, Jammu BL-Second, FL-1, CUP-70, SH-1, R-1 08/04/2004   BE